000 00634nam a2200241Ia 4500
003 OSt
005 20220926013356.0
006 a|||||r|||| 00| 0
007 ta
008 220923b |||||||| |||| 00| 0 eng d
037 _cGeneral Book
040 _aRTL
_cRTL
_beng
041 _2eng
_aeng
082 _aS:5, M0
100 _aWeiner Bernard
_984938
245 0 _aHuman motivation
260 _aNew York
_bHolt Rinehart and Winston
_c1980
300 _aix, 480p
_ccm.
500 _aBibliography: P 449-69
650 _aPsychology
942 _hS:5, M0
_cGB
_2CC
999 _c625797
_d625797